00991nam a22002057a 450000500170000000800420001702000180005904100080007704400070008511000690009224500780016126001140023930000310035350400480038465000660043265000570049865000590055565000420061471001290065620141112150157.0141112b ck ||||| 2013 00| 0 spa d a9789585763159 aspa ack aColombiabSistema Nacional de Gestión del Riesgo de Desastres  aGuía para Formación Comunitaria en Gestión del Riesgo de Desastres  aBogotá D.C :bPresidencia de la República,bSistema Nacional de Gestión del Riesgo de Desastres,c2013. a40 pag.bIl., tab.c28 cm. aIncluye referencia bibliográfica (pag 38) aPrevención de desastresvGuíaxAdministraciónzColombia aDesastres naturalesvGuíaxPrevención.zColombia aAuxilio en desastresvPreguntas y respuestaszColombia aGestión de RiesgovGuíazColombia aColombiabSistema Nacional de Gestión del Riesgo de Desastres.eUnidad Nacional para la Gestión del Riesgo de Desastres.